| 000 | 00700nam a2200193 i 4500 | ||
|---|---|---|---|
| 001 | 91119 | ||
| 003 | ES-MaACL | ||
| 005 | 20251003152903.0 | ||
| 007 | t| | ||
| 008 | 050127s1968 sp ||||1| spa d | ||
| 100 | 1 |
_aLeroi-Gourhan, André. _971788 |
|
| 245 | 1 | 0 |
_aPrehistoria del arte occidental / _cAndré Leroi-Gourhan ; [traducción de Miguel Hongueras Campaña ; revisión y prólogo Eduardo Ripoll Perelló]. |
| 260 |
_aBarcelona : _bGustavo Gili, _c[1968] |
||
| 300 |
_aXVI, 326 p., 91 lám. : _bil. ; _c32 cm. |
||
| 700 | 1 |
_aHongueras Campaña, Miguel. _964127 |
|
| 700 | 1 |
_aRipoll Perelló, Eduardo, _d1923-2006 _997437 |
|
| 852 |
_aES-MaACL _jC-33948 _bR.66756 |
||
| 999 |
_c91119 _d91119 |
||